000 00426ntaaa2200181 4500
003 01
005 20251027201708.0
008 0714s1973 ag 01
040 _aAR-BaBN
_bspa
_cAR-BaBN
_eaacr
_dRIC
082 _a233.0000 P96
100 _aPulsford, John
_915575
245 _aSupremacy of man
250 _a1 ed.
260 _aLondon :
_bAndrew Melrosa,
_cs.f.
300 _axvi, 309 p
650 _ateologĂ­a
942 _cBK
999 _c11661
_d11661